000 00736nmm a2200217Ia 4500
008 251105s9999||||xx |||||||||||||||||und||
020 _a9789587381405
041 _aspa
100 _aMora Rodríguez, Alexandra
245 0 _aConflictos y judicialización de la política en la Sierra Nevada de Santa Marta
264 _a[Bogotá, Colombia] :
_bUniversidad del Rosario,
_c2010
300 _a262 páginas
490 _aTextos de Jurisprudencia
650 _aPolitical Science (General)
700 _aMora Rodríguez, Alexandra
700 1 _a Naranjo Peña, Edgar
700 1 _a Rodríguez, Gloria Amparo
700 1 _a Santamaría Chavarro, Ángela
856 _uhttps://public.digitaliapublishing.com/a/46321
942 _cCF
999 _c69010
_d69010